| 000 | 00428nam a2200145Ia 4500 | ||
|---|---|---|---|
| 999 |
_c23261 _d23261 |
||
| 082 | _a336.54 BHA-; | ||
| 100 | _aBhargava, Madhuri | ||
| 245 | 0 | _aInter-governmental financial relations in India since independence | |
| 260 |
_bBanaras Hindu University _c1971 |
||
| 300 | _a435 | ||
| 650 |
_aCentre state fiscal relations _zIndia |
||
| 650 | _aInter governmental fiscal relations | ||
| 710 | _aBhargava, R.N. | ||
| 942 |
_cTH _2ddc |
||